Statistics for Country Name Etymologies

Click here to take the quiz!

General Stats

  • This quiz has been taken 88 times
  • The average score is 21 of 24

Answer Stats

TranslationRegionLanguageCountry% Correct
Land of ColumbusSouth AmericaSpanishColombia
99%
Rich CoastCentral AmericaSpanishCosta Rica
99%
White RussiaEastern EuropeRussianBelarus
98%
EquatorSouth AmericaSpanishEcuador
98%
The SaviorCentral AmericaSpanishEl Salvador
98%
Land of IceNorth AtlanticOld NorseIceland
98%
FreeWest AfricaLatinLiberia
98%
The SilverySouth AmericaSpanishArgentina
96%
Green CapeWest AfricaPortugueseCabo Verde
96%
Land of the Indus RiverSouth AsiaSanskritIndia
95%
Land of the FranksWestern EuropeLatinFrance
93%
Little VeniceSouth AmericaItalianVenezuela
93%
Southern LandOceaniaLatinAustralia
91%
Land of the BelgaeWestern EuropeLatinBelgium
90%
VillageNorth AmericaIroquoianCanada
89%
Land of the KambojasSouth East AsiaSanskritCambodia
88%
SundayCaribbeanSpanishDominica
80%
Country of the TswanaSouth AfricaSetswanaBotswana
76%
The ShallowsCaribbeanSpanishBahamas
73%
Land of the BlacksEast AfricaLatinEthiopia
71%
Bearded OnesCaribbeanPortugueseBarbados
70%
Land of the Red SeaEast AfricaLatinEritrea
69%
The Two SeasPersian GulfArabicBahrain
64%
ShrimpWest AfricaPortugueseCameroon
43%

Score Distribution

Percentile by Number Answered

Percent of People with Each Score

Your Score History

You have not taken this quiz